Famous Married Couples #2 - Statistics

General Stats
  • This quiz has been taken 49,306 times
    11,513 since last reset
  • The average score is 11 of 21
Answer Stats
Celebrity Spouse % Correct
Beyoncé Knowles Jay-Z
93%
Prince Harry Meghan Markle
91%
Prince William Kate Middleton
88%
Blake Lively Ryan Reynolds
71%
Ashton Kutcher Mila Kunis
69%
Portia de Rossi Ellen DeGeneres
61%
Keith Urban Nicole Kidman
57%
Catherine Zeta-Jones Michael Douglas
55%
Jessica Biel Justin Timberlake
47%
Eva Mendes Ryan Gosling
43%
Rita Wilson Tom Hanks
43%
Calista Flockhart Harrison Ford
42%
Andre Agassi Steffi Graf
42%
Matthew Broderick Sarah Jessica Parker
41%
Javier Bardem Penélope Cruz
40%
Freddie Prinze, Jr. Sarah Michelle Gellar
38%
Colin Jost Scarlett Johansson
36%
Dax Shepard Kristen Bell
31%
Faith Hill Tim McGraw
29%
Kyra Sedgwick Kevin Bacon
28%
Warren Beatty Annette Bening
23%
No matching quizzes found
Score Distribution
Percent of People with Each Score
Percentile by Number Answered
Your Score History
You have not taken this quiz since the last reset